000 00694nam a2200229Ia 4500
003 OSt
005 20220928113548.0
006 a|||||r|||| 00| 0
007 ta
008 220927b |||||||| |||| 00| 0 eng d
024 _a58065
037 _cTextual
040 _aSDCL
_cSDCL
_beng
041 _2eng
_aeng
082 _aV63:3(Y7)'N6, M4
100 _aRich Paul B
_9433815
245 0 _aWhite power and the liberal conscience
_b Racial segregation and and South African liberalism,1921-60
260 _aLondon
_bManchester University Press
_c1984
300 _avii,192p
_ccm.
942 _hV63:3(Y7)'N6, M4
_cTEXL
_2CC
999 _c750224
_d750224